000 00506nam a2200181Ia 4500
001 9058
005 20260306160655.0
008 260306t2011||||xx |||||||||||||| ||spa||
041 _aESP
082 _a372.47
_bC17
100 _aCalero Guisado, Andrés
_eAUT
245 0 _aCómo mejorar la compresión lectora:
_bestrategias aplicadas a la capacitación y gestión del conocimiento
260 _c2011
300 _a283 páginas :
_c24 cm.
650 _aGEN
654 _aCED
942 _cLIB
_dJUS
_fJUS
_2ddc
_n
999 _c9058
_d9058